Legal history of India (Record no. 427432)

000 -LEADER
fixed length control field 00338cam a22001217a 4500
008 - FIXED-LENGTH DATA ELEMENTS--GENERAL INFORMATION
fixed length control field 180718b1953 xxu||||| |||| 00| 0 eng d
082 ## - DEWEY DECIMAL CLASSIFICATION NUMBER
Classification number G93x54 Si64
100 ## - MAIN ENTRY--PERSONAL NAME
Personal name Sinha, B. S.
245 ## - TITLE STATEMENT
Title Legal history of India
Statement of responsibility, etc. by B. S. Sinha
260 ## - PUBLICATION, DISTRIBUTION, ETC.
Place of publication, distribution, etc. Lucknow
Name of publisher, distributor, etc. Eastern Book
Date of publication, distribution, etc. 1953
300 ## - PHYSICAL DESCRIPTION
Extent 304p
650 ## - SUBJECT ADDED ENTRY--TOPICAL TERM
Topical term or geographic name entry element Law --India --History and criticism
Holdings
Withdrawn status Lost status Damaged status Not for loan Permanent Location Current Location Date acquired Full call number Barcode Date last seen Price effective from Koha item type
        Indian Institute of Public Administration Indian Institute of Public Administration 2009-11-17 G93x54 Si64 6042 2018-07-21 2018-07-21 Book

Powered by Koha